CASHEW NUT PRODUCTION OF HOUSEHOLD IN STUNG TRANG DISTRICT, KAMPONG CHAM PROVINCE,(ផលិតកម្មស្វាយចន្ទីជាលក្ខណៈគ្រួសារ នៅស្រុកស្ទឹងត្រង់ ខេត្តកំពង់ចាម) (Record no. 1122)
[ view plain ]
| 000 -LEADER | |
|---|---|
| fixed length control field | 00642nam a22001577a 4500 |
| 003 - CONTROL NUMBER IDENTIFIER | |
| control field | OSt |
| 005 - DATE AND TIME OF LATEST TRANSACTION | |
| control field | 20150923132029.0 |
| 008 - FIXED-LENGTH DATA ELEMENTS--GENERAL INFORMATION | |
| fixed length control field | 150923b xxu||||| |||| 00| 0 eng d |
| 040 ## - CATALOGING SOURCE | |
| Transcribing agency | RUA |
| 082 ## - DEWEY DECIMAL CLASSIFICATION NUMBER | |
| Classification number | AGR SOR 2007 B048 Or.1 |
| 100 ## - MAIN ENTRY--PERSONAL NAME | |
| 9 (RLIN) | 1179 |
| Personal name | SOK CHINAN |
| 245 ## - TITLE STATEMENT | |
| Title | CASHEW NUT PRODUCTION OF HOUSEHOLD IN STUNG TRANG DISTRICT, KAMPONG CHAM PROVINCE,(ផលិតកម្មស្វាយចន្ទីជាលក្ខណៈគ្រួសារ នៅស្រុកស្ទឹងត្រង់ ខេត្តកំពង់ចាម) |
| 260 ## - PUBLICATION, DISTRIBUTION, ETC. (IMPRINT) | |
| Place of publication, distribution, etc. | phnom penh |
| Name of publisher, distributor, etc. | RUA |
| Date of publication, distribution, etc. | 2007 |
| 300 ## - PHYSICAL DESCRIPTION | |
| Extent | xiv, 62p. |
| Dimensions | ill. |
| Size of unit | 29cm. |
| 942 ## - ADDED ENTRY ELEMENTS (KOHA) | |
| Source of classification or shelving scheme | |
| Koha item type | AGR |
| Price effective from | Date last seen | Permanent Location | Not for loan | Date acquired | Source of classification or shelving scheme | Koha item type | Barcode | Lost status | Damaged status | Shelving location | Withdrawn status | Current Location | Full call number |
|---|---|---|---|---|---|---|---|---|---|---|---|---|---|
| 2015-09-23 | 2015-09-23 | Library Block B | 2015-09-23 | AGR | RUA002861 | B048 | Library Block B | AGR SOK 2007 B048 Or.1 | |||||
| 2015-09-23 | 2015-09-23 | Library Block B | 2015-09-23 | AGR | RUA002076 | B048 | Library Block B | AGR SOK 2007 B048 Or.2 | |||||
| 2015-09-23 | 2015-09-23 | Library Block B | 2015-09-23 | AGR | RUA002230 | B048 | Library Block B | AGR SOK 2007 B048 Or.3 | |||||
| 2015-09-23 | 2015-09-23 | Library Block B | 2015-09-23 | AGR | RUA002642 | B048 | Library Block B | AGR SOK 2007 B048 Or.4 | |||||
| 2015-09-23 | 2015-09-23 | Library Block B | 2015-09-23 | AGR | RUA002932 | Library Block B | AGR SOK 2007 B048 Or.5 | ||||||
| 2018-12-24 | 2018-12-24 | Library Block B | 2018-12-24 | AGR | A41336 | B1.194 | Library Block B | AGR SOR 2007 B1.194 Or.1 | |||||
| 2018-12-24 | 2018-12-24 | Library Block B | 2018-12-24 | AGR | A41886 | B1.194 | Library Block B | AGR SOR 2007 B1.194 Or.1 | |||||
| 2016-10-26 | 2016-10-26 | Library Block C | 2016-10-26 | AGR | A00108 | Library Block C | AGR SOR 2007 B048 Or.6 |